MARC

LEADER 00000nam0a2200000 4500
001 263851
005 20231101233758.0
035 |a (RuTPU)RU\TPU\book\286841 
090 |a 263851 
100 |a 20140611d1966 m y0rusy50 ca 
101 0 |a rus 
102 |a RU 
105 |a a j 000zy 
200 1 |a Руководство к проведению лабораторных работ по общей химии  |f Новосибирский электротехнический институт связи (НЭИС) ; сост. Е. Я. Онищук [и др.] 
210 |a Новосибирск  |c Изд-во НЭТИ  |d 1966 
215 |a 64 с.  |c ил. 
606 1 |a Химия общая  |2 stltpush  |3 (RuTPU)RU\TPU\subj\67862  |9 83510 
610 1 |a учебные пособия 
610 1 |a руководства 
610 1 |a лабораторные работы 
675 |a 54(076.5)  |v 3 
702 1 |a Онищук  |b Е. Я.  |4 220 
702 1 |a Антипов  |b В. Е.  |4 220 
702 1 |a Сухорукова  |b Л. И.  |4 220 
702 1 |a Зеневич  |b К. Ф.  |4 220 
702 1 |a Макарова  |b В. А.  |4 220 
712 0 2 |a Новосибирский электротехнический институт связи (НЭИС)  |2 stltpush  |3 (RuTPU)RU\TPU\col\17739 
801 1 |a RU  |b 63413507  |c 20140611 
801 2 |a RU  |b 63413507  |c 20140626  |g RCR 
942 |c BK